Volleyball World Championship Medals (Women) - Statistics

General Stats
  • This quiz has been taken 1,023 times
  • The average score is 10 of 14
Answer Stats
Gold Silver Bronze Answer % Correct
0 2 2 United States of America
96%
0 3 0 Brazil
95%
2 2 0 China
94%
3 3 1 Japan
94%
7 2 4 Russia/Soviet Union
94%
1 0 0 Italy
90%
0 1 2 Poland
78%
0 0 1 Serbia (and Montenegro)
76%
3 1 0 Cuba
71%
0 0 2 South Korea
70%
0 0 2 Czech Republic/Czechoslovakia
56%
0 1 0 Romania
49%
0 1 1 Peru
30%
0 0 1 North Korea
25%
No matching quizzes found
Score Distribution
Percent of People with Each Score
Percentile by Number Answered
Your Score History
You have not taken this quiz